000 00205 a2200097 4500
001 57490
100 _a
245 _aKulyat Bulleh Shah
260 _aLahore
_bAlfaisal Pub Co
_c1997
090 _c35219
_d35219
942 _aNUST-CAE
_c
_c28024
999 _c292563
_d292563